Farm tools and equipment for agriculture (Record no. 15425)
[ view plain ]
| 000 -LEADER | |
|---|---|
| fixed length control field | 00374nam a22001457a 4500 |
| 003 - CONTROL NUMBER IDENTIFIER | |
| control field | OSt |
| 008 - FIXED-LENGTH DATA ELEMENTS--GENERAL INFORMATION | |
| fixed length control field | 210915b ||||| |||| 00| 0 eng d |
| 020 ## - INTERNATIONAL STANDARD BOOK NUMBER | |
| ISBN | 9789385516221 |
| 082 ## - DEWEY DECIMAL CLASSIFICATION NUMBER | |
| Classification number | 631.3 |
| Item number | SUR/FA |
| 100 ## - MAIN ENTRY--AUTHOR NAME | |
| Personal name | Surendra Singh |
| 245 ## - TITLE STATEMENT | |
| Title | Farm tools and equipment for agriculture |
| 260 ## - PUBLICATION, DISTRIBUTION, ETC. (IMPRINT) | |
| Place of publication | New Delhi |
| Name of publisher | New India Publishing Agency |
| Year of publication | 2016 |
| 300 ## - PHYSICAL DESCRIPTION | |
| Number of Pages | 698 p |
| 942 ## - ADDED ENTRY ELEMENTS (KOHA) | |
| Koha item type | Books |
| Withdrawn status | Lost status | Damaged status | Collection code | Home library | Current library | Shelving location | Date acquired | Source of acquisition | Cost, normal purchase price | Full call number | Accession Number | Koha item type |
|---|---|---|---|---|---|---|---|---|---|---|---|---|
| KAUAET | KAUAET | General Stacks | 31/03/2018 | Aman Books, Calicut | 4250.00 | 631.3 SUR/FA | 25745 | Books | ||||
| Non-fiction | KAUAET | KAUAET | General Stacks | 15/05/2019 | 4250.00 | 631.3 SUR/FA | 25753 | Books | ||||
| KAUAET | KAUAET | NAHEP-CAAST Project | 07/09/2021 | 4250.00 | 631.3 SUR/FA | 26022 | Books | |||||
| KAUAET | KAUAET | NAHEP-CAAST Project | 07/09/2021 | 4250.00 | 631.3 SUR/FA | 26023 | Books |
